[Event "Kandidatklassen"]
[Site "?"]
[Date "2018.03.31"]
[Round "5.11"]
[White "Kvist Brondt Pedersen (2171), Nicolai"]
[Black "Le Besq (2058), Alexander"]
[Result "1/2-1/2"]
[BlackElo "2056"]
[WhiteElo "2171"]
[LiveChessVersion "1.4.8"]

1. d4 {[%clk 1:29:48]} Nf6 {[%clk 1:30:56]} 2. Bg5 {[%clk 1:30:11]} e6
{[%clk 1:27:52]} 3. e3 {[%clk 1:29:00]} d5 {[%clk 1:28:01]} 4. c4
{[%clk 1:22:28]} c6 {[%clk 1:27:46]} 5. Nc3 {[%clk 1:19:24]} Nbd7
{[%clk 1:26:42]} 6. Nf3 {[%clk 1:16:23]} Be7 {[%clk 1:23:29]} 7. Bd3
{[%clk 1:09:52]} dxc4 {[%clk 1:21:20]} 8. Bxc4 {[%clk 1:10:19]} b5
{[%clk 1:21:37]} 9. Bd3 {[%clk 0:54:37]} Bb7 {[%clk 1:13:17]} 10. e4
{[%clk 0:45:12]} h6 {[%clk 1:00:41]} 11. Bxf6 {[%clk 0:44:37]} Nxf6
{[%clk 0:59:58]} 12. a3 {[%clk 0:39:25]} a6 {[%clk 0:52:18]} 13. e5
{[%clk 0:37:58]} Nd5 {[%clk 0:51:54]} 14. Nxd5 {[%clk 0:26:22]} Qxd5
{[%clk 0:51:25]} 15. b4 {[%clk 0:25:35]} a5 {[%clk 0:49:57]} 16. Rb1
{[%clk 0:23:14]} axb4 {[%clk 0:44:30]} 17. axb4 {[%clk 0:23:43]} Ra4
{[%clk 0:43:43]} 18. Qd2 {[%clk 0:22:55]} g5 {[%clk 0:37:12]} 19. Qc3
{[%clk 0:19:25]} O-O {[%clk 0:26:37]} 20. O-O {[%clk 0:19:04]} g4
{[%clk 0:21:24]} 21. Nd2 {[%clk 0:17:59]} Rd8 {[%clk 0:20:16]} 22. Bc2
{[%clk 0:17:11]} Bxb4 {[%clk 0:11:29]} 23. Rxb4 {[%clk 0:08:50]} Rxb4
{[%clk 0:11:45]} 24. Qd3 {[%clk 0:07:12]} Rxd4 {[%clk 0:10:23]} 25. Qh7+
{[%clk 0:07:22]} Kf8 {[%clk 0:10:52]} 26. Qxh6+ {[%clk 0:05:19]} Ke8
{[%clk 0:10:56]} 27. Ne4 {[%clk 0:04:46]} Rxe4 {[%clk 0:09:46]} 28. Bxe4
{[%clk 0:04:31]} Qxe5 {[%clk 0:09:40]} 29. Qe3 {[%clk 0:03:46]} Qd4
{[%clk 0:09:04]} 30. Qe2 {[%clk 0:04:07]} b4 {[%clk 0:06:52]} 31. Qc2
{[%clk 0:01:53]} Rd6 {[%clk 0:05:56]} 32. g3 {[%clk 0:00:39]} Ke7
{[%clk 0:04:22]} 33. Rc1 {[%clk 0:00:33]} Qb6 {[%clk 0:02:49]} 34. Qe2
{[%clk 0:00:31]} b3 {[%clk 0:01:59]} 35. Rb1 {[%clk 0:01:01]} c5 {[%clk 0:01:45]}
36. Bxb7 {[%clk 0:00:57]} Qxb7 {[%clk 0:02:14]} 37. Qc4 {[%clk 0:01:15]} Rd5
{[%clk 0:01:28]} 38. h3 {[%clk 0:00:39]} Qb4 {[%clk 0:00:38]} 39. Qxb4
{[%clk 0:00:45]} cxb4 {[%clk 0:01:07]} 40. Rxb3 {[%clk 0:00:36]} Rd4
{[%clk 0:00:53]} 41. hxg4 {[%clk 0:24:36]} Rxg4 {[%clk 0:31:27]} 42. f4
{[%clk 0:22:41]} Kd6 {[%clk 0:29:51]} 43. Rxb4 {[%clk 0:22:08]} Rxg3+
{[%clk 0:30:11]} 44. Kf2 {[%clk 0:22:16]} Rc3 {[%clk 0:27:10]} 45. Rd4+
{[%clk 0:19:01]} Ke7 {[%clk 0:22:55]} 46. Ra4 {[%clk 0:18:32]} Kf6
{[%clk 0:22:11]} 47. Ra5 {[%clk 0:18:14]} Rd3 {[%clk 0:21:14]} 48. Rb5
{[%clk 0:17:37]} Rd5 {[%clk 0:15:51]} 49. Rb3 {[%clk 0:17:13]} Kf5
{[%clk 0:14:36]} 50. Kf3 {[%clk 0:17:20]} f6 {[%clk 0:14:00]} 51. Ra3
{[%clk 0:16:58]} Rb5 {[%clk 0:14:09]} 52. Rc3 {[%clk 0:16:55]} Rb4
{[%clk 0:13:50]} 53. Rc5+ {[%clk 0:17:14]} Kg6 {[%clk 0:14:10]} 54. Rc3
{[%clk 0:15:41]} Kf7 {[%clk 0:13:41]} 55. Rc7+ {[%clk 0:15:52]} Kg6
{[%clk 0:13:47]} 56. Rc3 {[%clk 0:16:15]} Rb1 57. Kg4 {[%clk 0:10:55]} Rf1
{[%clk 0:10:33]} 58. Ra3 {[%clk 0:10:13]} Kf7 {[%clk 0:07:09]} 59. Ra7+
{[%clk 0:10:19]} Ke8 {[%clk 0:07:17]} 60. Rb7 {[%clk 0:08:10]} Rd1
{[%clk 0:07:17]} 61. Ra7 {[%clk 0:07:46]} Rd7 {[%clk 0:07:28]} 62. Ra6
{[%clk 0:07:53]} Ke7 {[%clk 0:07:51]} 63. Kf3 {[%clk 0:06:47]} Rc7
{[%clk 0:08:09]} 64. Kg4 {[%clk 0:06:16]} Kd7 {[%clk 0:07:44]} 65. Ra3
{[%clk 0:05:38]} Rc6 {[%clk 0:07:50]} 66. Rd3+ {[%clk 0:05:35]} Rd6
{[%clk 0:07:59]} 67. Rc3 {[%clk 0:05:56]} Rd4 {[%clk 0:08:15]} 68. Kf3
{[%clk 0:06:12]} Kd6 {[%clk 0:08:32]} 69. Ra3 {[%clk 0:06:10]} Rc4
{[%clk 0:08:27]} 70. Ke3 {[%clk 0:05:59]} Kd5 {[%clk 0:07:15]} 71. Ra5+
{[%clk 0:06:03]} Rc5 {[%clk 0:07:21]} 72. Ra3 {[%clk 0:06:07]} Rb5
{[%clk 0:05:29]} 73. Rd3+ {[%clk 0:06:11]} Kc5 {[%clk 0:05:46]} 74. Rc3+
{[%clk 0:06:20]} Kd5 {[%clk 0:04:06]} 75. Rd3+ {[%clk 0:06:34]} Kc6
{[%clk 0:04:31]} 76. Rc3+ {[%clk 0:06:36]} Rc5 {[%clk 0:04:24]} 77. Rb3
{[%clk 0:06:01]} Rc4 {[%clk 0:04:30]} 78. Ra3 {[%clk 0:05:57]} Kd5
{[%clk 0:03:32]} 79. Rd3+ {[%clk 0:05:29]} Kc6 {[%clk 0:03:09]} 80. Ra3
{[%clk 0:05:27]} Rc5 {[%clk 0:03:23]} 81. Ra6+ {[%clk 0:05:18]} Kd5
{[%clk 0:03:39]} 82. f5 {[%clk 0:04:15]} Rc3+ {[%clk 0:02:07]} 83. Kd2
{[%clk 0:03:26]} Rc6 {[%clk 0:02:28]} 84. Rxc6 {[%clk 0:02:41]} Kxc6
{[%clk 0:02:54]} 85. fxe6 {[%clk 0:03:06]} Kd6 {[%clk 0:03:20]} 86. Ke3
{[%clk 0:03:21]} Kxe6 {[%clk 0:03:32]} 87. Ke4 {[%clk 0:03:19]} f5+
{[%clk 0:03:56]} 88. Kf4 {[%clk 0:03:46]} Kf6 {[%clk 0:04:23]} 89. Kf3
{[%clk 0:03:57]} Ke5 {[%clk 0:04:49]} 90. Ke3 {[%clk 0:04:14]} f4+
{[%clk 0:05:12]} 91. Kf3 {[%clk 0:04:38]} Kf5 {[%clk 0:05:37]} 92. Kf2
{[%clk 0:04:58]} Kg4 {[%clk 0:06:02]} 93. Kg2 {[%clk 0:05:20]} f3+
{[%clk 0:06:28]} 94. Kf2 {[%clk 0:05:43]} Kf4 {[%clk 0:06:55]} 95. Kf1
{[%clk 0:05:55]} Ke3 {[%clk 0:07:17]} 96. Ke1 {[%clk 0:06:15]} f2+
{[%clk 0:07:43]} 97. Kf1 {[%clk 0:06:43]} Kf3 {[%clk 0:08:09]} 1/2-1/2

[Event "Kandidatklassen"]
[Site "?"]
[Date "2018.03.31"]
[Round "5.12"]
[White "Brustrup Petersen (2109), Steen"]
[Black "Hovgaard Schack (2055), Asbjørn"]
[Result "0-1"]
[BlackElo "2055"]
[WhiteElo "2109"]
[LiveChessVersion "1.4.8"]

1. c4 Nf6 2. g3 g6 3. Bg2 Bg7 4. Nc3 O-O 5. e4 d6 6. Nge2 e5 7. O-O Nc6 8. d3 Nd4
9. Nxd4 exd4 10. Ne2 Ne8 11. Bd2 c6 12. b4 Nc7 13. Qb3 a5 14. a3 f5 15. Nf4 Be5
16. Nh3 Bf6 17. Bh6 Re8 18. Rae1 axb4 19. axb4 fxe4 20. Rxe4 Rxe4 21. dxe4 Be6
22. Qc2 Ra3 23. f4 d3 24. Qf2 Bxc4 25. e5 d2 26. exf6 Bxf1 27. Qxd2 Bxg2 28. f7+
Kxf7 29. Ng5+ Ke8 30. Qb2 Re3 31. Kxg2 Qe7 32. Qh8+ Kd7 33. Bf8 Re2+ 34. Kh3 Qe8
35. Qxh7+ Kc8 36. Bxd6 Qd7+ 37. Qxd7+ Kxd7 38. Bc5 Ne6 39. Nf3 Nxc5 40. bxc5 Rc2
41. Ne5+ Ke6 42. Nxg6 Rxc5 43. g4 b5 44. f5+ Kf6 45. Nf4 b4 0-1

[Event "Kandidatklassen"]
[Site "?"]
[Date "2018.03.31"]
[Round "5.13"]
[White "Easwaralingam (2037), Adesh"]
[Black "Hardlei (2092), Johan"]
[Result "1-0"]
[BlackElo "2092"]
[WhiteElo "2037"]
[LiveChessVersion "1.4.8"]

1. e4 {[%clk 1:30:54]} c5 {[%clk 1:30:17]} 2. Nf3 {[%clk 1:31:15]} d6
{[%clk 1:30:36]} 3. Bb5+ {[%clk 1:31:39]} Bd7 {[%clk 1:31:03]} 4. Bxd7+
{[%clk 1:32:00]} Qxd7 {[%clk 1:31:32]} 5. O-O {[%clk 1:32:06]} Nc6
{[%clk 1:32:00]} 6. d3 {[%clk 1:32:04]} g6 {[%clk 1:32:25]} 7. Re1
{[%clk 1:31:46]} Bg7 {[%clk 1:32:44]} 8. a4 {[%clk 1:31:50]} e6 {[%clk 1:32:29]}
9. Na3 {[%clk 1:29:32]} Nge7 {[%clk 1:32:18]} 10. Nc4 {[%clk 1:28:09]} O-O
{[%clk 1:31:50]} 11. Bf4 {[%clk 1:26:38]} e5 {[%clk 1:31:08]} 12. Bd2
{[%clk 1:22:46]} h6 {[%clk 1:24:29]} 13. c3 {[%clk 1:22:07]} f5 {[%clk 1:24:36]}
14. b4 {[%clk 1:18:02]} cxb4 {[%clk 1:23:57]} 15. cxb4 {[%clk 1:18:14]} f4
{[%clk 1:20:16]} 16. b5 {[%clk 1:13:12]} Nd8 {[%clk 1:19:04]} 17. Bb4
{[%clk 1:09:40]} Nf7 {[%clk 1:18:18]} 18. Qb3 {[%clk 1:03:56]} Kh8
{[%clk 1:16:28]} 19. Qa3 {[%clk 1:03:41]} Rfd8 {[%clk 1:10:04]} 20. d4
{[%clk 1:02:14]} Qe6 {[%clk 1:08:47]} 21. Na5 {[%clk 0:52:27]} b6
{[%clk 1:00:20]} 22. Nc6 {[%clk 0:47:46]} Nxc6 {[%clk 0:58:52]} 23. d5
{[%clk 0:46:49]} Qf6 {[%clk 0:55:45]} 24. dxc6 {[%clk 0:46:45]} g5
{[%clk 0:55:30]} 25. h3 {[%clk 0:44:08]} h5 {[%clk 0:53:57]} 26. Nh2
{[%clk 0:43:05]} Rg8 {[%clk 0:50:27]} 27. Qf3 {[%clk 0:30:05]} Qg6
{[%clk 0:48:17]} 28. a5 {[%clk 0:30:32]} Bf6 {[%clk 0:46:43]} 29. axb6
{[%clk 0:28:49]} axb6 {[%clk 0:47:07]} 30. Rxa8 {[%clk 0:28:55]} Rxa8
{[%clk 0:47:33]} 31. c7 {[%clk 0:29:22]} Be7 {[%clk 0:45:20]} 32. Rc1
{[%clk 0:27:27]} Rc8 {[%clk 0:45:16]} 33. Rc6 {[%clk 0:22:51]} Nh6
{[%clk 0:41:40]} 34. Qd3 {[%clk 0:19:24]} Nf7 {[%clk 0:38:50]} 35. Qe2
{[%clk 0:18:10]} Kh7 {[%clk 0:37:43]} 36. Ba5 {[%clk 0:16:44]} Nh6
{[%clk 0:33:17]} 37. f3 {[%clk 0:13:41]} Qg8 {[%clk 0:22:15]} 38. Bxb6
{[%clk 0:13:14]} Qb3 {[%clk 0:22:29]} 39. Bf2 {[%clk 0:12:31]} Ng8
{[%clk 0:21:38]} 40. b6 {[%clk 0:12:25]} 1-0